Rihanna Charting Songs (Billboard Hot Dance) - Statistics

General Stats
  • This quiz has been taken 38 times
    27 since last reset
  • The average score is 6 of 9
Answer Stats
Album Weeks On Peak Artist(s) Song % Correct
S&M 2 Weeks #9 Rihanna S&M
86%
Talk That Talk 2 Weeks #3 Rihanna ft. Calvin Harris We Found Love
86%
A Girl Like Me 2 Weeks #14 Rihanna SOS
81%
96 Months 52 Weeks #1 Calvin Harris ft. Rihanna This is What You Came For
81%
Good Girl Gone Bad 2 Weeks #7 Rihanna Don't Stop the Music
76%
Good Girl Gone Bad Reloaded 2 Weeks #10 Rihanna Disturbia
57%
Unapologetic 39 Weeks #5 Rihanna ft. David Guetta Right Now
57%
Loud 2 Weeks #4 Rihanna Only Girl (In the World)
52%
Talk That Talk 2 Weeks #8 Rihanna Where Have You Been
52%
No matching quizzes found
Score Distribution
Percent of People with Each Score
Percentile by Number Answered
Your Score History
You have not taken this quiz since the last reset